01327nam a22003257a 4500003000500000005001700005008004100022010001000063011001000073035001000083040000900093090001000102100003300112245011700145260004000262300002000302502009900322590003700421590004100458590004200499650003800541650003000579901000700609942000900616949004300625949005500668999001700723952013300740952012800873CHAP20220329141009.0971013s1966 r 00010 d a61064 a62036 a66210 cCHAP aTesis00aRojas Acosta, Arturo.999265 aModelo óptimo de transporte mediante programación linealb: el caso de la leche de ganado bovino en México aChapingo, Méx. :bEl autor,c1966 a59 h.b; anexos aTesis (Ing. Agr. Esp. en Economía Agrícola) -- UACH. Departamento de Economía Agrícola aALEPHb10c20130110lUCH01h1340 aBATCH-UPDb10c20130110lUCH01h0711 aCONVERSIONb10c20130109lUCH01h133314aLechexMercadeozTlaxcala.96539314aLechexTransporte.965417 aBK cFOLL bBCcTESd-151368eTS1h29259i66210si bBCcTESd33724000621736eTS2fc.2h29251i66210si c61064d61064 00102local4053708TESISaBCbBCcPA_TESISd2019-12-31fTESISl0p33724000621736r2019-12-31 00:00:00tc.2w2019-12-31yTESIS 00102local4051708TESISaBCbBCcPA_TESISd2019-12-31fTESISl0oTesisp-151368r2019-12-31 00:00:00w2019-12-31yTESIS